000
00308nam a2200109Ia 4500
008
200302s9999 xx 000 0 und d
100
_a
Meredith L.Clausen
245
_a
Pietro Belluschi : Modern American Architect
260
_b
Massachusetts Institute of technology Press,UK
260
_c
1994
300
_a
468 P
999
_c
4805
_d
4805